Vývoj štruktúry zamestnanosti v slovenskej ekonomike

Analýza vývoja v štruktúre zamestnanosti podľa základných odvetví slovenskej ekonomiky, ktorými sú pôdohospodárstvo, priemysel, stavebníctvo a služby. Vývoj v oblasti trhových a netrhových služieb. Obdobie, do ktorého spadá uvedená analýza, zahŕňa obdobie rokov 1995-2008. Dopady globálnej krízy na s...

Full description

Saved in:
Bibliographic Details
Main Author: Fliegová, Jana
Format: Book Chapter
Language:Slovak
Subjects:
Tags: Add Tag
No Tags, Be the first to tag this record!

MARC

LEADER 00000nla$a2200000$$$4500
001 0105705
005 20240502072156.4
041 0 |a slo 
044 |a SK 
245 1 0 |a Vývoj štruktúry zamestnanosti v slovenskej ekonomike  |c Jana Fliegová 
520 |a Analýza vývoja v štruktúre zamestnanosti podľa základných odvetví slovenskej ekonomiky, ktorými sú pôdohospodárstvo, priemysel, stavebníctvo a služby. Vývoj v oblasti trhových a netrhových služieb. Obdobie, do ktorého spadá uvedená analýza, zahŕňa obdobie rokov 1995-2008. Dopady globálnej krízy na slovenskú ekonomiku. 
610 2 0 |a trh práce 
610 2 0 |a zamestnanosť 
610 2 0 |a nezamestnanosť 
610 2 0 |a priemysel 
610 2 0 |a poľnohospodárstvo 
610 2 0 |a stavebníctvo 
610 2 0 |a služby 
610 2 0 |a analýzy 
610 2 0 |a Slovensko 
100 1 |a Fliegová, Jana